Reglas de catalogación angloamericanas

Furkejuvvon:
Bibliográfalaš dieđut
Searvvušdahkki: Joint Steering Committee for Revision of AACR (Dahkki)
Materiálatiipa: Girji
Giella:espánnjágiella
Almmustuhtton: Bogotá Rojas Eberhard 1998
Preanttus:2a. ed
Fáttát:
Fáddágilkorat: Lasit fáddágilkoriid
Eai fáddágilkorat, Lasit vuosttaš fáddágilkora!

MARC

LEADER 00000nam a2200000 a 4500
001 UCI9302
003 CL-VaPUC
008 081106e19980000CK |||||||||||||||||spa|d
020 |a 9589121063 
082 0 4 |a 025.32  |b JOI  |2 21 
110 2 |a Joint Steering Committee for Revision of AACR  |e author  |9 532949 
245 1 0 |a Reglas de catalogación angloamericanas 
250 |a 2a. ed 
300 |a 764 p 
942 |c BK 
945 |d 20081106 00:00:00  |a cmena 
260 |a Bogotá  |b Rojas Eberhard  |c 1998 
650 7 |a CATALOGACION DESCRIPTIVA  |2 CL-VaPUC  |9 532950 
650 7 |a REGLAS DE CATALOGACION  |2 CL-VaPUC  |9 532951 
650 0 |a Normalización  |9 262666 
583 |a last modification  |c 20081106 00:00:00  |k Rodrigo Vera 
999 |c 331864  |d 331862